| 000 | 00893nam a2200301Ia 4500 | ||
|---|---|---|---|
| 003 | OSt | ||
| 005 | 20221006160409.0 | ||
| 006 | a|||||r|||| 00| 0 | ||
| 007 | ta | ||
| 008 | 221006b |||||||| |||| 00| 0 eng d | ||
| 020 |
_a9780739111789 _c5250.00 |
||
| 024 | _a45,130 | ||
| 037 |
_bGift, Japan Foundation _cTextual |
||
| 040 |
_aEASL _cEASL _beng |
||
| 041 |
_2eng _aeng |
||
| 082 | _aX:958.49B, P7 | ||
| 100 |
_aLee James Ed. _9673267 |
||
| 245 | 0 | _aCrisis of welfare in East Asia | |
| 260 |
_aLanham _bLexington Books _c2007 |
||
| 300 |
_a286p. _ccm. |
||
| 490 | _v Oth | ||
| 650 | _a Gen | ||
| 650 |
_a Public welfare - East Asia _9673268 |
||
| 650 |
_aEast Asia - Social policy _9673269 |
||
| 700 |
_a Chan Kam-wah Ed. _9673270 |
||
| 942 |
_hX:958.49B, P7 _cTEXL _2CC |
||
| 999 |
_c1113222 _d1113222 |
||